| 000 | 00368nam a2200169Ia 4500 | ||
|---|---|---|---|
| 100 | _aBRUCE/FISHER/ HART/NINA. | ||
| 650 | _aPHILOPSOPHY | ||
| 942 | _cBK | ||
| 366 | _f25 | ||
| 654 | _aLOVING CHOICES | ||
| 245 | _aLOVING CHOICES. | ||
| 260 |
_bBETTER YOURSELF BOOK _aBandra _c2000 |
||
| 082 |
_a170/BRU _bBRU |
||
| 300 | _a268 | ||
| 546 | _aENGLISH | ||
| 999 |
_c32530 _d32530 |
||